|
|
|
|
| LEADER |
01867nam a2200325 a 4500 |
| 001 |
15677335 |
| 008 |
111228s2011 nyuab 001 0 eng d |
| 010 |
|
|
|a 2009012742
|
| 020 |
|
|
|a 9780073525266 (hard copy : alk. paper)
|
| 020 |
|
|
|a 007352526X (hard copy : alk. paper)
|
| 020 |
|
|
|a 9780071221924
|
| 020 |
|
|
|a 0071221921
|
| 040 |
|
|
|a DLC
|c DLC
|d YDX
|d YDXCP
|d CDX
|d DLC
|d BD-DhAAL
|
| 082 |
0 |
0 |
|a 576.5
|2 22
|
| 245 |
0 |
0 |
|a Genetics :
|b from genes to genomes /
|c Leland Hartwell ... [et al.].
|
| 250 |
|
|
|a 4th ed.
|
| 260 |
|
|
|a New York :
|b McGraw-Hill,
|c c2011.
|
| 300 |
|
|
|a xxii, 730, [62] p. :
|b ill. (chiefly col.), col. maps ;
|c 29 cm.
|
| 504 |
|
|
|a Includes bibliographical references and index
|
| 541 |
1 |
|
|e 00024127
|
| 650 |
|
0 |
|a Genetics.
|
| 700 |
1 |
|
|a Hartwell, Leland.
|
| 852 |
1 |
|
|a Ayesha Abed Library
|j General shelf
|
| 942 |
0 |
0 |
|0 1
|
| 999 |
|
|
|c 11709
|d 11709
|
| 952 |
|
|
|0 0
|1 0
|4 0
|6 576_500000000000000_GEN
|7 0
|9 19039
|a BRACUL
|b BRACUL
|c GEN
|d 2011-12-29
|e Karim International
|g 3280.00
|l 7
|m 57
|o 576.5 GEN
|p 3010024127
|r 2025-04-09
|s 2025-03-16
|t 1
|w 2011-12-29
|y BK
|
| 952 |
|
|
|0 0
|1 0
|4 0
|6 576_500000000000000_GEN
|7 0
|9 19040
|a BRACUL
|b BRACUL
|c GEN
|d 2011-12-29
|e Karim International
|g 3280.00
|l 10
|m 53
|o 576.5 GEN
|p 3010024128
|q 2026-06-09
|r 2025-06-16
|s 2025-06-16
|t 2
|w 2011-12-29
|y BK
|
| 952 |
|
|
|0 0
|1 0
|4 0
|6 576_500000000000000_GEN
|7 0
|9 19041
|a BRACUL
|b BRACUL
|c GEN
|d 2011-12-29
|e Karim International
|g 3280.00
|l 10
|m 74
|o 576.5 GEN
|p 3010024129
|r 2025-09-02
|s 2025-04-16
|t 3
|w 2011-12-29
|y BK
|
| 952 |
|
|
|0 0
|1 0
|4 0
|6 576_500000000000000_GEN
|7 0
|9 19042
|a BRACUL
|b BRACUL
|c GEN
|d 2011-12-29
|e Karim International
|g 3280.00
|l 16
|m 53
|o 576.5 GEN
|p 3010024130
|r 2025-08-18
|s 2025-07-02
|t 4
|w 2011-12-29
|y BK
|
| 952 |
|
|
|0 0
|1 0
|4 0
|6 576_500000000000000_GEN
|7 0
|9 19043
|a BRACUL
|b BRACUL
|c GEN
|d 2011-12-29
|e Karim International
|g 3280.00
|l 5
|m 41
|o 576.5 GEN
|p 3010024131
|r 2025-08-06
|s 2025-06-29
|t 5
|w 2011-12-29
|y BK
|x Koha Inventory 2020
|